| 000 | 00742nam a2200253Ia 4500 | ||
|---|---|---|---|
| 003 | OSt | ||
| 005 | 20220925200519.0 | ||
| 006 | a|||||r|||| 00| 0 | ||
| 007 | ta | ||
| 008 | 220923b |||||||| |||| 00| 0 eng d | ||
| 037 | _cGeneral Book | ||
| 040 |
_aRTL _cRTL _beng |
||
| 041 |
_2eng _aeng |
||
| 082 | _aT:(B).2.N7, L8 | ||
| 100 |
_aShri Prakash _9257829 |
||
| 245 | 0 |
_aEducational system of India _b An econometric study |
|
| 260 |
_aDelhi _bConcept India _c1978 |
||
| 300 |
_aviii, 269p. _ccm. |
||
| 500 | _aBibliography p.261-66; Appendix p.255-60 | ||
| 650 | _a Education | ||
| 650 |
_aEducational Management _9233174 |
||
| 942 |
_hT:(B).2.N7, L8 _cGB _2CC |
||
| 999 |
_c536916 _d536916 |
||